ბათუმის შოთა რუსთაველის სახელმწიფო უნივერსიტეტის ბიბლიოთეკა

კოპიუტერული გრაფიკა (ბიბ.ჩანაწერი № 35759)

000 -LEADER
fixed length control field 00651nam a2200217Ia 4500
001 - CONTROL NUMBER
control field 1638
003 - CONTROL NUMBER IDENTIFIER
control field GE_BSU
008 - FIXED-LENGTH DATA ELEMENTS--GENERAL INFORMATION
fixed length control field 181216s||||||||xx |||||||||||||| ||und||
020 ## - INTERNATIONAL STANDARD BOOK NUMBER
International Standard Book Number 9789994052783
040 ## - CATALOGING SOURCE
Transcribing agency GE_BSU
080 ## - UNIVERSAL DECIMAL CLASSIFICATION NUMBER
Universal Decimal Classification number 004+76
100 ## - MAIN ENTRY--PERSONAL NAME
Personal name ზაქარაია, მზევინარ
245 ## - TITLE STATEMENT
Title კოპიუტერული გრაფიკა
260 ## - PUBLICATION, DISTRIBUTION, ETC.
Place of publication, distribution, etc. ქუთაისუ
260 ## - PUBLICATION, DISTRIBUTION, ETC.
Name of publisher, distributor, etc. აკაიწერეთლის სახ.უნ–ტი.
260 ## - PUBLICATION, DISTRIBUTION, ETC.
Date of publication, distribution, etc. 2008
300 ## - PHYSICAL DESCRIPTION
Extent 157 გვ.19 სმ.
653 ## - INDEX TERM--UNCONTROLLED
Uncontrolled term კოპიუტერული გრაფიკა
942 ## - ADDED ENTRY ELEMENTS (KOHA)
Koha item type წიგნი
ეგზემპლარები
Withdrawn status Lost status Damaged status Not for loan Date acquired Barcode Date last seen Price effective from Koha item type Public note
        2018-12-17 3207 2018-12-17 2018-12-17 წიგნი დარბაზი